|
|
|
|
| LEADER |
00000nam0a2200000 4500 |
| 001 |
263078 |
| 005 |
20231101233717.0 |
| 035 |
|
|
|a (RuTPU)RU\TPU\book\286063
|
| 035 |
|
|
|a RU\TPU\book\286059
|
| 090 |
|
|
|a 263078
|
| 100 |
|
|
|a 20140605d1988 m y0rusy50 ca
|
| 101 |
0 |
|
|a rus
|
| 102 |
|
|
|a RU
|
| 105 |
|
|
|a a j 001zy
|
| 200 |
1 |
|
|a Анализ и расчет кварцевых автогенераторов
|e текст лекций
|f А. И. Александров
|g Московский государственный институт радиотехники, электроники и автоматики (Технический университет) (МИРЭА)
|
| 210 |
|
|
|a Москва
|c МИРЭА
|d 1988
|
| 215 |
|
|
|a 40 с.
|c ил.
|
| 320 |
|
|
|a Библиогр.: с. 28.
|
| 606 |
1 |
|
|a Автогенераторы кварцевые
|x Конструкция и расчет
|2 stltpush
|3 (RuTPU)RU\TPU\subj\560
|9 29447
|
| 610 |
1 |
|
|a частота
|
| 610 |
1 |
|
|a управление
|
| 610 |
1 |
|
|a расчет
|
| 610 |
1 |
|
|a лекции
|
| 610 |
1 |
|
|a учебные пособия
|
| 675 |
|
|
|a 621.373.12(075.8)
|v 3
|
| 700 |
|
1 |
|a Александров
|b А. И.
|g Алексей Иванович
|
| 712 |
0 |
2 |
|a Московский государственный институт радиотехники, электроники и автоматики (Технический университет) (МИРЭА)
|c (1967-1993)
|2 stltpush
|3 (RuTPU)RU\TPU\col\119
|
| 801 |
|
1 |
|a RU
|b 63413507
|c 20140605
|
| 801 |
|
2 |
|a RU
|b 63413507
|c 20150507
|g RCR
|
| 942 |
|
|
|c BK
|